000 005930000a22001810004500
003 MACL
005 20160220131334.0
008 160220b xxu||||| |||| 00| 0 eng d
040 _aMACL
_cmacl
041 _aHindi
082 _a300
100 _aविजयवर्गीय श्री गोपीकृष्‍ण
_938016
245 _aरोटीका सवाल
260 _bसस्‍ता साहित्‍य मंडल नई दिल्‍ली
_c1946
_aनई दिल्‍ली
350 _a3
650 _aSociology
_939201
942 _cHIN
_k300
_2ddc
999 _c23308
_d23308